000 00529nam a2200181Ia 4500
008 140529s9999 xx 000 0 und d
020 _a9789712357282
050 _aLB 1139.2
_b.L666 2010
100 _aLeviste, Joyce V.
245 _aClassroom experiences with young children /
_cJoyce V. Leviste
260 _aManila, Philippines :
_bRex Book Store, Inc.,
_cc2010.
300 _a6 v.
_c26 cm.
500 _aIncludes index.
521 _aGE
650 _aEarly childhood education.
942 _kLOC
_cBK
999 _c117645
_d117645